Historia Particolare delle Cose passate tra il Sommo Pontefice Paolo V, e la Serenissima Republica di Venetia

Saved in:  
Bibliographic Details
Main Author: Sarpi, Paolo 1552-1623 (Author)
Contributors: Paul V. Papst 1552-1621 (Other)
Format: Print Book
Language:Italian
Subito Delivery Service: Order now.
Check availability: HBZ Gateway
WorldCat: WorldCat
Interlibrary Loan:Interlibrary Loan for the Fachinformationsdienste (Specialized Information Services in Germany)
Published: Mirandola 1675
In:Year: 1675
Further subjects:B Ordensliteratur
Sammlungen:

MARC

LEADER 00000cam a2200000 c 4500
001 320537242
003 DE-627
005 20240723092021.0
007 tu
008 001016s1675 it ||||| 00| ||ita c
026 |e heoa o.ie rero piL' 3 1675R  |2 fei 
035 |a (DE-627)320537242 
035 |a (DE-576)9320537240 
035 |a (DE-599)GBV320537242 
035 |a (OCoLC)247911563 
040 |a DE-627  |b ger  |c DE-627  |e rakwb 
041 |a ita 
044 |c XA-IT 
100 1 |0 (DE-588)118751336  |0 (DE-627)137841558  |0 (DE-576)162861915  |4 aut  |a Sarpi, Paolo  |d 1552-1623 
109 |a Paolo padre 1552-1623  |a Paullus 1552-1623  |a Paulus de Venetiis 1552-1623  |a Suave Polanus, Petrus 1552-1623  |a Suavis, Petrus 1552-1623  |a Paulus von Venedig 1552-1623  |a Paulus Frater 1552-1623  |a Paolo da Venetia 1552-1623  |a Paulus Pater 1552-1623  |a Paul padre 1552-1623  |a Soave, Pierre 1552-1623  |a Paolo Servita 1552-1623  |a Sarpi, Paolo fra 1552-1623  |a Franciscus de Ingenuis 1552-1623  |a Sarpi, Paolo 1552-1623  |a Venetus, Paulus 1552-1623  |a Paul Father 1552-1623  |a Suavis Polanus, Petrus 1552-1623  |a Ingenuis, Franciscus de 1552-1623  |a Ingenuis, Franciscus 1552-1623  |a Servita, Paolo 1552-1623  |a Paolo da Vinetia 1552-1623  |a Servite, Paolo 1552-1623  |a Soave Polano, Pietro 1552-1623  |a Soave, Pietro 1552-1623  |a Paul père 1552-1623  |a Paulus Servita 1552-1623  |a Suave Polanis, Petrus 1552-1623  |a Paulo Sarpio 1552-1623  |a Sarpius, Paulus 1552-1623  |a Soave, Pietro P. 1552-1623  |a Paolo, Padre 1552-1623  |a Polanus, Petrus Suavis 1552-1623  |a Sardus, Joannes-Simon 1552-1623  |a Sarpius, Petrus 1552-1623  |a Minuci, Minucio 1552-1623  |a Sarpi, Paulus 1552-1623  |a Ingenuis Franciscus 1552-1623  |a Polanus, Petrus S. 1552-1623  |a Sarpi, Paul 1552-1623  |a Sarpi, Petrus 1552-1623  |a Polan, Pierre Soave 1552-1623  |a Sarpi, Fra-Paolo 1552-1623  |a Paul de l'ordre de Servi 1552-1623  |a Sarpi, Pietro 1552-1623  |a Paulus Magister 1552-1623  |a Sardus, Johannes Simon 1552-1623  |a Sarpius, Paul 1552-1623  |a Paulus Sarpus 1552-1623  |a Soave Polan, Pierre 1552-1623  |a Polano, Pietro Soave 1552-1623  |a Sarpus, Paulus 1552-1623  |a Soave, Petrus 1552-1623  |a Sarpus, Petrus 1552-1623  |a Sardi, Giovanni Simone 1552-1623  |a Paulus Venetus 1552-1623  |a Sardi, Giansimone 1552-1623  |a Paolo fra 1552-1623  |a Polan, Pierre S. 1552-1623  |a Suavis-Polanus, Petrus 1552-1623  |a Ingenuis, Franc. de 1552-1623  |a Scarpus, Paulus 1552-1623  |a Paolo dell'Ordine de' Servi 1552-1623  |a Paolo de Servi 1552-1623  |a Paolo Venetiano 1552-1623 
245 1 0 |a Historia Particolare delle Cose passate tra il Sommo Pontefice Paolo V, e la Serenissima Republica di Venetia  |c Scritta dal Padre Paolo, e divisa in VII Libri 
246 3 0 |a istoria storia 
264 1 |a Mirandola  |c 1675 
300 |a [10] Bl., 460 S.  |c 12° 
336 |a Text  |b txt  |2 rdacontent 
337 |a ohne Hilfsmittel zu benutzen  |b n  |2 rdamedia 
338 |a Band  |b nc  |2 rdacarrier 
500 |a Bildet auch Vol. 4 von: Opere del padre Paolo dell'ordine de'Servi; e theologo della serenissima Republica di Venetia (dann mit zusätzl. Gesamt-Titelbl.) 
500 |a Fingerprint nach Ex. der FB Gotha und der Bibl. der Franckeschen Stiftungen zu Halle 
500 |a Signaturformel: +2, +8, A-T12, V2 
500 |a Erscheinungsvermerk fingiert 
500 |a Vorlageform der Veröffentlichungsangabe: In Mirandola 
510 3 |a BL Italian, 17th cent., S. 654 
655 7 |a Ordensliteratur  |0 (DE-627)096632437  |2 local 
700 0 |0 (DE-588)118739530  |0 (DE-627)142081108  |0 (DE-576)165612355  |4 oth  |a Paul  |b V.  |c Papst  |d 1552-1621 
935 |a FBGO  |a mteo 
935 |e BL Italian, 17th cent., S. 654 
951 |a BO 
ELC |b 1 
LOK |0 000 xxxxxcx a22 zn 4500 
LOK |0 001 4555743245 
LOK |0 003 DE-627 
LOK |0 004 320537242 
LOK |0 005 20250130091711 
LOK |0 008 240723||||||||||||||||ger||||||| 
LOK |0 040   |a DE-Tue135  |c DE-627  |d DE-Tue135 
LOK |0 092   |o n 
LOK |0 852   |a DE-Tue135 
LOK |0 852 1  |9 00 
LOK |0 866   |x SPQUE#Forschungsbibliothek Gotha#SPSAM#Herzogliche Sammlung (Theologie)#SPSYS#03 Theologie 
LOK |0 866   |x SPQUE#Forschungsbibliothek Gotha#SPSAM#Bestand Theologie (bis 2024-03) 
LOK |0 935   |a FBGO  |a gohs  |a goth 
LOK |0 939   |a 23-07-24  |b l01 
ORI |a SA-MARC-ixtheoa001.raw